| 000 | 004890000a22001810004500 | ||
|---|---|---|---|
| 020 | _a84-7228-995-8 | ||
| 041 | 0 | _aSPA | |
| 082 | 0 | 4 | _aG 266 S6131m |
| 100 | 1 | _aSimpson, A. B. (Albert B.) | |
| 245 | 1 | 0 | _aMensajes misioneros / A. B. Simpson ; Samuel Vila, Traductor |
| 260 | _aGalvani, Barcelona., España : CLIE | ||
| 300 | _a128 Pag | ||
| 001 | 7302 | ||
| 942 | _cBK | ||
| 999 |
_c37518 _d37518 |
||
| 336 |
_atexto _btxt _2rdacontent |
||
| 337 |
_2rdamedia _asin mediación _bn |
||
| 338 |
_2rdacarrier _avolumen _bnc |
||